<?xml version="1.0" encoding="UTF-8"?>
<record
    xmlns:xsi="http://www.w3.org/2001/XMLSchema-instance"
    xsi:schemaLocation="http://www.loc.gov/MARC21/slim http://www.loc.gov/standards/marcxml/schema/MARC21slim.xsd"
    xmlns="http://www.loc.gov/MARC21/slim">

  <leader>00974nam a22002417a 4500</leader>
  <controlfield tag="003">FranzMayer</controlfield>
  <controlfield tag="005">20250821164027.0</controlfield>
  <controlfield tag="008">250821b2023    mx a||||r|||| 001 0 spa d</controlfield>
  <datafield tag="020" ind1=" " ind2=" ">
    <subfield code="a">9786078909278</subfield>
  </datafield>
  <datafield tag="040" ind1=" " ind2=" ">
    <subfield code="a">BMFM</subfield>
    <subfield code="c">BMFM</subfield>
  </datafield>
  <datafield tag="050" ind1=" " ind2=" ">
    <subfield code="a">N7914.A58</subfield>
    <subfield code="b">R85 </subfield>
  </datafield>
  <datafield tag="100" ind1="1" ind2=" ">
    <subfield code="a">Ruiz Esparza D&#xED;az De Le&#xF3;n, Blanca</subfield>
    <subfield code="e">autor </subfield>
    <subfield code="9">30037</subfield>
  </datafield>
  <datafield tag="245" ind1="1" ind2="3">
    <subfield code="a">El exvoto Peres Maldonado (1777), Aguascalientes, M&#xE9;xico: </subfield>
    <subfield code="b">Estudio iconogr&#xE1;fico / </subfield>
    <subfield code="c">Blanca Ruiz Esparza D&#xED;az de Le&#xF3;n, , H&#xE9;ctor Omar Gonz&#xE1;lez Romo.</subfield>
  </datafield>
  <datafield tag="300" ind1=" " ind2=" ">
    <subfield code="a">300 p. </subfield>
    <subfield code="b">Ilustraciones a color </subfield>
    <subfield code="c">16 cm </subfield>
  </datafield>
  <datafield tag="504" ind1=" " ind2=" ">
    <subfield code="a">Incluye referencias bibliogr&#xE1;ficas (p&#xE1;ginas 281-300)</subfield>
  </datafield>
  <datafield tag="650" ind1=" " ind2="0">
    <subfield code="a">Arte cristiano y simbolismo</subfield>
    <subfield code="y">Siglo XVIII.</subfield>
    <subfield code="z">M&#xE9;xico </subfield>
    <subfield code="z">Aguascalientes </subfield>
    <subfield code="9">30038</subfield>
  </datafield>
  <datafield tag="650" ind1=" " ind2="0">
    <subfield code="a">Arte cristiano y simbolismo</subfield>
    <subfield code="y">Periodo moderno, 1500-</subfield>
    <subfield code="z">M&#xE9;xico</subfield>
    <subfield code="9">4024</subfield>
  </datafield>
  <datafield tag="650" ind1=" " ind2="6">
    <subfield code="a">Ex voto</subfield>
    <subfield code="9">30039</subfield>
  </datafield>
  <datafield tag="650" ind1=" " ind2="6">
    <subfield code="a">Arquitectura interior y arte</subfield>
    <subfield code="9">30040</subfield>
  </datafield>
  <datafield tag="700" ind1="1" ind2=" ">
    <subfield code="a">Gonz&#xE1;lez Romo, H&#xE9;ctor Omar, </subfield>
    <subfield code="e">autor</subfield>
    <subfield code="9">30041</subfield>
  </datafield>
  <datafield tag="902" ind1=" " ind2=" ">
    <subfield code="a">KH</subfield>
  </datafield>
  <datafield tag="942" ind1=" " ind2=" ">
    <subfield code="2">lcc</subfield>
    <subfield code="c">B</subfield>
  </datafield>
  <datafield tag="999" ind1=" " ind2=" ">
    <subfield code="c">11088</subfield>
    <subfield code="d">11088</subfield>
  </datafield>
  <datafield tag="952" ind1=" " ind2=" ">
    <subfield code="0">0</subfield>
    <subfield code="1">0</subfield>
    <subfield code="2">lcc</subfield>
    <subfield code="4">0</subfield>
    <subfield code="7">0</subfield>
    <subfield code="8">FCON</subfield>
    <subfield code="a">BRCA</subfield>
    <subfield code="b">BRCA</subfield>
    <subfield code="d">2025-08-21</subfield>
    <subfield code="l">0</subfield>
    <subfield code="o">N7914.A58 R85 </subfield>
    <subfield code="r">2025-08-21 17:41:01</subfield>
    <subfield code="w">2025-08-21</subfield>
    <subfield code="y">B</subfield>
  </datafield>
</record>
